Quản lý hoạt động giáo dục ứng phó với biến đổi khí hậu trong các trường THCS huyện Cờ Đỏ, thành phố Cần Thơ Luận văn thạc sĩ giáo dục học. Chuyên ngành: Quản lý giáo dục. Mã số: 60140114

Gespeichert in:
Bibliographische Detailangaben
1. Verfasser: Nguyễn, Thanh Hưng
Weitere Verfasser: Phan, Trọng Nam (Hướng dẫn)
Format: Abschlussarbeit Paket Buch
Sprache:Vietnamese
Veröffentlicht: Đồng Tháp Đại học Đồng Tháp 2017
Schlagworte:
Tags: Tag hinzufügen
Keine Tags, Fügen Sie den ersten Tag hinzu!
Thư viện lưu trữ: Trung tâm Học liệu Lê Vũ Hùng, Trường Đại học Đồng Tháp
LEADER 01363ppm a22003018a 4500
001 00039876
005 20171026081025.0
008 170627s2017 ||||||viesd
041 0 # |a vie 
082 1 4 |b QU105L  |a 373.12 
100 1 # |a Nguyễn, Thanh Hưng 
245 0 0 |a Quản lý hoạt động giáo dục ứng phó với biến đổi khí hậu trong các trường THCS huyện Cờ Đỏ, thành phố Cần Thơ  |b Luận văn thạc sĩ giáo dục học. Chuyên ngành: Quản lý giáo dục. Mã số: 60140114  |c Nguyễn Thanh Hưng ; Phan Trọng Nam (hướng dẫn) 
260 # # |a Đồng Tháp  |b Đại học Đồng Tháp  |c 2017 
300 # # |a 102 tr.+phụ lục  |c 30cm.  |e 1 bản tóm tắt 
500 # # |a ĐTTS ghi: Bộ giáo dục và đào tạo. Trường Đại học Đồng tháp 
653 # # |a Biến đổi khí hậu 
653 # # |a Luận văn 
653 # # |a Trung học cơ sở 
653 # # |a Thành phố Cần Thơ 
653 # # |a Quản lí giáo dục 
700 1 # |a Phan, Trọng Nam  |e Hướng dẫn 
852 # # |j LV.0001185  |j LV.0001466 
852 # # |b Kho đọc SĐH  |j LV.0001185 
910 0 # |d 27/06/2017 
980 # # |a Trung tâm Học liệu Lê Vũ Hùng, Trường Đại học Đồng Tháp